| 000 | 01090nam a22002177a 4500 | ||
|---|---|---|---|
| 005 | 20210414114113.0 | ||
| 008 | 120808t xxu||||| |||| 00| 0 eng d | ||
| 020 | _a0789566494 | ||
| 050 | _bQA402.S47 | ||
| 100 | _aShelly, Gary B. | ||
| 245 |
_aSystems analysis and design. / _cGary B Shelly, Thomas J Cashman and Harry J Rosenblatt |
||
| 250 | _a5th ed. | ||
| 260 |
_aAustralia: _bThomson, _c2003. |
||
| 300 |
_axvi, 640 p. : _bill. ; _c28 cm. _e1 CD-ROM (4 3/4 in.) |
||
| 500 | _aincludes index | ||
| 505 | _aContents: Introduction to systems analysis and design -- Analyzing the business case -- Requirements modeling -- Enterprise modeling -- Development strategies -- Data design -- User interface, input and output design -- System architecture -- Systems implementation -- Systems operation and support -- Communication tools -- Financial analysis tools -- Project management tools -- Object-oriented tools -- Internet resource tools. | ||
| 650 |
_aSystems analysis _xSystems design |
||
| 700 | _aCashman, Thomas J. | ||
| 700 | _aRosenblatt, Harry J. | ||
| 942 |
_2lcc _cBK |
||
| 999 |
_c1953 _d9453 |
||